[Event "WA Class Championship - C Section"]
[Site "Seattle"]
[Date "2007.11.25"]
[Round "5"]
[White "Griffin, David"]
[Black "Dawson, Drew"]
[Result "1/2-1/2"]
[WhiteElo "1587"]
[BlackElo "1314"]
[PlyCount "66"]
[EventDate "2007.11.??"]
[Source "Drayton Harriso"]
[SourceDate "2007.12.23"]

1. d4 Nf6 2. Nf3 g6 3. e3 d5 4. c4 Bg7 5. Bd3 dxc4 6. Bxc4 O-O 7. O-O c5 8. Nc3
cxd4 9. Qxd4 Nc6 10. Qxd8 Rxd8 11. b3 Ne4 12. Nxe4 Bxa1 13. Ba3 Bg7 14. Bb5 Bd7
15. Bxc6 Bxc6 16. Nfd2 f5 17. Bxe7 Re8 18. Nf6+ Bxf6 19. Bxf6 Re6 20. Bd4 Rd8
21. Nf3 Bxf3 22. gxf3 Rc6 23. Rd1 Rc2 24. a4 Rb2 25. Rd3 Rc2 26. f4 a6 27. h4
h5 28. Kg2 Kf7 29. Kg3 Ke6 30. f3 Rd7 31. e4 Rc8 32. Kf2 Rcd8 33. Ke3 Kf7
1/2-1/2

[Event "WA Class Championship - C Section"]
[Site "Seattle"]
[Date "2007.11.25"]
[Round "6"]
[White "Breneman, Jesse"]
[Black "Dawson, Drew"]
[Result "1-0"]
[WhiteElo "1568"]
[BlackElo "1314"]
[Annotator "Breneman"]
[PlyCount "53"]
[EventDate "2007.11.??"]
[Source "Drayton Harriso"]
[SourceDate "2007.12.23"]

1. d4 Nf6 2. c4 g6 3. Nc3 d5 4. cxd5 Nxd5 5. e4 Nxc3 6. bxc3 Bg7 7. Bc4 c5 8.
Ne2 O-O 9. O-O cxd4 10. cxd4 Nc6 11. Be3 Qc7 12. Rc1 Qd8 13. d5 Ne5 14. Bb3 Kh8
15. f4 Ng4 16. Bd4 Nf6 17. Nc3 a6 18. e5 Nd7 19. Ne4 Nb6 20. d6 e6 21. Kh1 (21.
Rc7 $1) 21... Bd7 22. Rc7 Bc6 23. Ng5 Nd7 24. Bxe6 fxe6 25. Nxe6 Qh4 26. Nxg7
Qh3 27. Rxc6 1-0

[Event "WA Class Championship - C Section"]
[Site "Seattle"]
[Date "2007.11.25"]
[Round "6"]
[White "Dillingham, Gregg"]
[Black "Holcomb, Eric"]
[Result "1-0"]
[WhiteElo "1551"]
[BlackElo "1608"]
[PlyCount "135"]
[EventDate "2007.11.??"]
[Source "Drayton Harriso"]
[SourceDate "2007.12.23"]

1. e4 e5 2. Nf3 Nc6 3. Bb5 a6 4. Ba4 Nf6 5. O-O Be7 6. Re1 b5 7. Bb3 d6 8. c3
Na5 9. Bc2 c5 10. h3 O-O 11. d4 Qc7 12. Nbd2 Bd7 13. Nf1 Rfc8 14. d5 c4 15. Ng3
g6 16. Bh6 Qd8 17. Nh2 Bf8 18. Be3 Nb7 19. f4 Bh6 20. fxe5 Bxe3+ 21. Rxe3 dxe5
22. Qd2 Qe7 23. Rf1 Rf8 24. Ref3 Ne8 25. Qh6 f6 26. R3f2 Nbd6 27. Ne2 Ng7 28.
g4 Rf7 29. Qe3 Raf8 30. Ng3 g5 31. Bd1 Bc8 32. Kg2 h6 33. Nf3 Qd7 34. Nd2 Qc7
35. Rh1 Nge8 36. Ndf1 Qe7 37. Qe2 Rh7 38. Ne3 Qd8 39. Qc2 Rff7 40. Kf1 Qe7 41.
Rfh2 Qf8 42. Ke1 Qe7 43. h4 Qf8 44. Qe2 Bd7 45. hxg5 hxg5 46. Nef5 Nxf5 47.
gxf5 Rxh2 48. Qxh2 Qg7 49. Bh5 Re7 50. Bg6 Kf8 51. Qg1 Nd6 52. Qc5 Nb7 53. Qb6
Be8 54. Rh7 Qxh7 55. Bxh7 Kg7 56. Qxa6 Kxh7 57. Qxf6 Rg7 58. Qxe5 Bf7 59. d6 g4
60. d7 Nd8 61. Qxb5 Rg8 62. e5 Kg7 63. Qb6 Rh8 64. Qf6+ Kh7 65. e6 Nxe6 66.
Qxf7+ Ng7 67. Qg6+ Kg8 68. d8=Q# 1-0

[Event "WA Class Championship - D Section"]
[Site "Seattle"]
[Date "2007.11.23"]
[Round "1"]
[White "Chi, Quentin"]
[Black "Smith, Andrew"]
[Result "0-1"]
[WhiteElo "1130"]
[BlackElo "699"]
[PlyCount "64"]
[EventDate "2007.11.??"]
[Source "Drayton Harriso"]
[SourceDate "2007.12.23"]

1. e4 c5 2. Nf3 d6 3. d4 cxd4 4. Nxd4 Nf6 5. Nc3 e5 6. Nf3 Be7 7. Bc4 h6 8. O-O
Nc6 9. Be3 a6 10. h3 b5 11. Bd5 Bb7 12. Qd2 Rb8 13. Rad1 b4 14. Ne2 a5 15. c4
Qd7 16. Rc1 Nxd5 17. cxd5 Nd8 18. Bb6 Rc8 19. Rxc8 Bxc8 20. Bxa5 b3 21. axb3
O-O 22. Ng3 Nb7 23. Bb4 Qb5 24. Nf5 Bxf5 25. exf5 Bf6 26. Rc1 e4 27. Ne1 Bg5
28. f4 exf3 29. Qd3 Qxd3 30. Nxd3 Be3+ 31. Kh1 Bxc1 32. Nxc1 f2 0-1

[Event "WA Class Championship - D Section"]
[Site "Seattle"]
[Date "2007.11.23"]
[Round "1"]
[White "Nikolskyy, Oleksiy"]
[Black "Cohn, Michael"]
[Result "0-1"]
[WhiteElo "939"]
[BlackElo "1164"]
[Annotator "Harrison"]
[PlyCount "104"]
[EventDate "2007.11.??"]
[Source "Drayton Harriso"]
[SourceDate "2007.12.23"]

1. d4 d5 2. c4 c6 3. Nc3 Nf6 4. Nf3 e6 5. Bg5 Be7 6. e3 O-O 7. Qc2 Nbd7 8. Bd3
h6 9. Bh4 Qc7 10. Rc1 e5 11. Bg3 (11. cxd5 $1 $18) 11... dxc4 12. Bxc4 Bd6 13.
Nxe5 Nxe5 14. dxe5 Bxe5 15. Bxe5 Qxe5 16. Ne2 Bf5 17. Qc3 Ng4 18. h3 Qxc3+ 19.
Nxc3 Ne5 20. Be2 Bd3 21. f4 Bxe2 22. Kxe2 Nc4 23. b3 Nd6 24. g4 Rad8 25. Rhd1
g6 26. Rd3 b5 $2 27. Rcd1 Nb7 28. Rd7 Rxd7 29. Rxd7 Rb8 30. Rc7 c5 $2 31. Nxb5
a6 32. Nc3 Kf8 33. Na4 c4 34. Rxc4 Nd6 35. Rc6 Ne4 36. Rxa6 Rd8 37. Rc6 Rd2+
38. Kf3 $4 (38. Ke1 $1 $18) 38... f5 39. gxf5 gxf5 40. Rf6+ Nxf6 41. Kg3 Rxa2
42. Kh4 Ra3 43. Nc5 Ne4 44. Nxe4 fxe4 45. b4 Rxe3 46. Kg4 Rb3 47. f5 Rxb4 48.
Kf4 Kf7 49. h4 Kf6 50. h5 Ra4 51. Kg4 e3+ 52. Kf3 Re4 0-1

[Event "WA Class Championship - D Section"]
[Site "Seattle"]
[Date "2007.11.23"]
[Round "1"]
[White "Mendoza, Fidel"]
[Black "MacGregor, Logan"]
[Result "1-0"]
[WhiteElo "1178"]
[BlackElo "1144"]
[PlyCount "47"]
[EventDate "2007.11.??"]
[Source "Drayton Harriso"]
[SourceDate "2007.12.23"]

1. e4 e6 2. d4 d5 3. Nd2 Nf6 4. e5 Nfd7 5. Ngf3 c5 6. c3 cxd4 7. cxd4 b6 8. Bb5
Ba6 9. Qa4 Bxb5 10. Qxb5 a6 11. Qa4 b5 12. Qc2 Be7 13. Nb3 O-O 14. Bd2 Re8 15.
Rc1 Nf8 16. Ba5 Qd7 17. O-O Qb7 18. Nc5 Bxc5 19. Qxc5 Nbd7 20. Qc6 Qxc6 21.
Rxc6 Ng6 22. Rfc1 Ne7 23. Rc7 Rec8 24. Bb4 1-0

[Event "WA Class Championship - D Section"]
[Site "Seattle"]
[Date "2007.11.23"]
[Round "1"]
[White "Clarfeld, Molly Rose"]
[Black "Omori, Jeff"]
[Result "0-1"]
[WhiteElo "1019"]
[BlackElo "1310"]
[PlyCount "66"]
[EventDate "2007.11.??"]
[Source "Drayton Harriso"]
[SourceDate "2007.12.23"]

1. e4 c5 2. d4 cxd4 3. c3 d6 4. cxd4 Nf6 5. Nc3 Nc6 6. Nf3 Bg4 7. Bb5 a6 8. Ba4
b5 9. Bb3 e6 10. O-O Be7 11. Qd3 Bxf3 12. gxf3 e5 13. a4 O-O 14. Be3 b4 15. Nd5
exd4 16. Nxe7+ Qxe7 17. Bd5 Ne5 18. Qe2 Nxd5 19. Bxd4 Nf4 20. Kh1 Nxe2 21. Be3
Qh4 22. Rae1 Nxf3 23. Bf4 Qxf4 24. Kg2 Nxe1+ 25. Rxe1 Qxe4+ 26. f3 Nf4+ 27. Kf2
Nd3+ 28. Kf1 Qxe1+ 29. Kg2 Rfe8 30. a5 Re6 31. b3 Rg6+ 32. Kh3 Qe3 33. Kh4 Qh6#
0-1

[Event "WA Class Championship - D Section"]
[Site "Seattle"]
[Date "2007.11.23"]
[Round "2"]
[White "Goodfellow, Robert"]
[Black "Mendoza, Fidel"]
[Result "0-1"]
[WhiteElo "1312"]
[BlackElo "1178"]
[PlyCount "56"]
[EventDate "2007.11.??"]
[Source "Drayton Harriso"]
[SourceDate "2007.12.23"]

1. c4 f5 2. Nc3 Nf6 3. Nf3 g6 4. g3 Bg7 5. Bg2 O-O 6. O-O d6 7. b3 c6 8. Bb2
Na6 9. d4 e6 10. d5 cxd5 11. cxd5 e5 12. Ng5 Nc7 13. Ba3 e4 14. Qd4 Nfxd5 15.
Qc4 Bxc3 16. Rad1 Qxg5 17. Bxd6 Be6 18. Bxc7 Nxc7 19. Qxc3 Qe7 20. f3 Rac8 21.
fxe4 Nd5 22. Qd4 Nc3 23. Rd2 Qc5 24. Qxc5 Rxc5 25. Kh1 Nxe4 26. Bxe4 fxe4 27.
Rxf8+ Kxf8 28. Rd8+ Kf7 0-1

[Event "WA Class Championship - D Section"]
[Site "Seattle"]
[Date "2007.11.23"]
[Round "2"]
[White "Branch, Andrew"]
[Black "Chuck, Caleb"]
[Result "1-0"]
[WhiteElo "1499"]
[BlackElo "1321"]
[PlyCount "105"]
[EventDate "2007.11.??"]
[Source "Drayton Harriso"]
[SourceDate "2007.12.23"]

1. c4 g6 2. Nc3 Bg7 3. g3 d6 4. Bg2 Nd7 5. Nf3 Ngf6 6. O-O Rb8 7. d4 b6 8. b3
Bb7 9. Qc2 O-O 10. Bf4 c5 11. d5 b5 12. Nxb5 Nxd5 13. cxd5 Bxa1 14. Rxa1 Bxd5
15. Nxd6 Rb4 16. Bh6 exd6 17. Bxf8 Nxf8 18. Rd1 Be4 19. Qxc5 dxc5 20. Rxd8 Bb1
21. Ne5 Kg7 22. Nc6 Rb7 23. Rd2 Rc7 24. Na5 Nd7 25. Nc4 Nf6 26. f3 Bf5 27. e4
Be6 28. f4 Nd7 29. Nd6 Kf8 30. f5 gxf5 31. exf5 Nf6 32. fxe6 fxe6 33. Ne4 Nxe4
34. Bxe4 Kg7 35. Rc2 h6 36. b4 c4 37. b5 Rc5 38. a4 Kf6 39. Kf2 Ke5 40. Ke3 Kd6
41. Rc3 e5 42. g4 Kc7 43. Bd3 Kd6 44. Rxc4 Rxc4 45. Bxc4 Kc5 46. Bb3 Kb4 47.
Bd1 Kc5 48. Ke4 Kd6 49. h4 Ke6 50. a5 Kd6 51. g5 hxg5 52. hxg5 Ke6 53. Bb3+ 1-0

[Event "WA Class Championship - D Section"]
[Site "Seattle"]
[Date "2007.11.23"]
[Round "2"]
[White "Smith, Andrew"]
[Black "Raval, Sid"]
[Result "0-1"]
[WhiteElo "699"]
[BlackElo "1140"]
[PlyCount "62"]
[EventDate "2007.11.??"]
[Source "Drayton Harriso"]
[SourceDate "2007.12.23"]

1. e4 d5 2. exd5 Qxd5 3. Nc3 Qa5 4. d4 Nf6 5. Bd2 c6 6. h3 Bf5 7. Ne4 Qb6 8.
Nxf6+ gxf6 9. Bc3 Nd7 10. Nf3 e6 11. Bd3 Bxd3 12. Qxd3 O-O-O 13. O-O Bd6 14.
Rfe1 h6 15. Qd2 Rdg8 16. Rab1 Rg7 17. a3 Rhg8 18. Nh4 Qb5 19. Qxh6 Qd5 20. Kf1
Be7 21. Re2 f5 22. f3 Bg5 23. Nxf5 Qxf5 24. Qxg7 Rxg7 25. d5 Bf6 26. dxc6 bxc6
27. Bb4 Ne5 28. Kf2 Bh4+ 29. Ke3 Nc4+ 30. Kd4 Bf6+ 31. Kxc4 Qd5# 0-1

[Event "WA Class Championship - D Section"]
[Site "Seattle"]
[Date "2007.11.23"]
[Round "2"]
[White "Hu, Jiayi"]
[Black "Nikolskyy, Oleksiy"]
[Result "1/2-1/2"]
[WhiteElo "1160"]
[BlackElo "939"]
[PlyCount "73"]
[EventDate "2007.11.??"]
[Source "Drayton Harriso"]
[SourceDate "2007.12.23"]

1. d4 Nf6 2. c4 e6 3. Nc3 Bb4 4. Bg5 d6 5. Nf3 Nbd7 6. e3 c5 7. d5 O-O 8. Bd3
exd5 9. cxd5 Re8 10. Bb5 a6 11. Bd3 Ne5 12. Nxe5 Rxe5 13. Bxf6 Qxf6 14. O-O Bf5
15. Bxf5 Qxf5 16. Qe2 Bxc3 17. bxc3 b5 18. a3 Qe4 19. Rad1 Rg5 20. f3 Qh4 21.
f4 Rf5 22. g3 Qh3 23. Qg2 Qxg2+ 24. Kxg2 h5 25. e4 Rf6 26. e5 Rf5 27. exd6 Rd8
28. Rfe1 Rxd6 29. Re5 g6 30. Rxf5 gxf5 31. Kf3 Kf8 32. h3 Ke7 33. g4 fxg4+ 34.
hxg4 hxg4+ 35. Kxg4 f6 36. Kf5 a5 37. Ke4 1/2-1/2

[Event "WA Class Championship - D Section"]
[Site "Seattle"]
[Date "2007.11.23"]
[Round "2"]
[White "Cohn, Michael"]
[Black "Oratz, Joshua"]
[Result "1/2-1/2"]
[WhiteElo "1164"]
[BlackElo "653"]
[PlyCount "148"]
[EventDate "2007.11.??"]
[Source "Drayton Harriso"]
[SourceDate "2007.12.23"]

1. d4 d5 2. c4 Nf6 3. cxd5 Nxd5 4. e4 Nb6 5. Nc3 e5 6. Nf3 Bg4 7. d5 c6 8. Be2
N8d7 9. O-O Bd6 10. h3 Bh5 11. Bg5 Be7 12. Bxe7 Qxe7 13. Na4 Rd8 14. d6 Qf6 15.
Nc3 O-O 16. Qd2 Nc5 17. Rad1 Rfe8 18. Qe3 Ne6 19. Rd2 Nd4 20. Nxd4 Bxe2 21.
Ndxe2 Nc4 22. Qd3 Nxd2 23. Qxd2 Rxd6 24. Qe3 b6 25. f4 exf4 26. Rxf4 Qg5 27.
Qf3 Re7 28. Rg4 Qc5+ 29. Kh1 Qe5 30. Nc1 Rf6 31. Qe2 Rd6 32. Nd3 Qd4 33. Rg3 f6
34. Qg4 f5 35. Qxf5 Rf6 36. Qc8+ Rf8 37. Ne2 Rxc8 38. Nxd4 Rxe4 39. Nf5 Rc7 40.
h4 h5 41. Kg1 c5 42. Rg5 c4 43. Nb4 Re2 44. Nd5 Rc5 45. Rxg7+ Kf8 46. Rd7 Re5
47. Rd8+ Kf7 48. Nfe3 Re8 49. Rxe8 Kxe8 50. Kf2 b5 51. a3 Kd7 52. Kf3 a5 53. g4
$6 {White should try to win the black pawn on h5 instead of exchanging it.}
hxg4+ 54. Kxg4 b4 55. axb4 axb4 56. Nxb4 Rb5 57. Ned5 Rb8 58. h5 Ke8 59. Kf5
Kf7 60. h6 {White pushes his pawn too far to hold it.} (60. Ke4 Rh8 61. Nc6
Rxh5 62. Ne5+ Kf8 63. Nxc4 {still keeps some winning chances as it is hard for
black to sacrifice his rook for the pawn}) 60... Rh8 61. Kg5 Rg8+ 62. Kh5 Rg2
63. Nc6 Rxb2 64. Ne5+ Kg8 65. Nf6+ Kf8 66. Kg6 Rh2 67. Nh5 (67. Nxc4 Rxh6+ 68.
Kxh6 {1/2-1/2}) 67... Rg2+ 68. Kf6 Kg8 69. Ke7 Kh7 70. Nf7 Re2+ 71. Kd6 Rh2 72.
Nf6+ Kg6 73. Ne5+ Kxf6 74. Nxc4 (74. Ng4+ Kg6 75. Nxh2 c3 76. Ng4 c2 77. Ne5+
Kxh6 78. Nd3 {1/2-1/2}) 74... Rxh6 1/2-1/2

[Event "WA Class Championship - D Section"]
[Site "Seattle"]
[Date "2007.11.23"]
[Round "2"]
[White "Omori, Jeff"]
[Black "Smith, James K"]
[Result "0-1"]
[WhiteElo "1310"]
[BlackElo "804"]
[Annotator "Harrison"]
[PlyCount "118"]
[EventDate "2007.11.??"]
[Source "Drayton Harriso"]
[SourceDate "2007.12.23"]

1. e4 e6 2. d4 d5 3. Nc3 Nf6 4. Nf3 dxe4 5. Ng5 Bb4 6. a3 Bxc3+ 7. bxc3 c5 8.
f3 cxd4 9. Qxd4 Qxd4 10. cxd4 exf3 11. Nxf3 b6 12. Bb5+ Bd7 13. Bxd7+ Nbxd7 14.
O-O {Diagram #} Rc8 $1 {
Black takes charge of the c-file and the rest of the game almost plays itself.}
15. Ra2 Nd5 16. Bd2 O-O 17. a4 Rc7 18. Rc1 Rfc8 19. Ne1 N7f6 20. Ra3 Ne4 21.
Rd1 Ndc3 22. Bxc3 Nxc3 23. Rd3 Nd5 24. Rf3 Rc3 25. Rfxc3 Nxc3 26. Kf2 Nd5 27.
Ke2 Rc3 28. Rxc3 Nxc3+ 29. Kd3 Nxa4 30. c4 Kf8 31. Kc2 b5 32. c5 Ke8 33. Kb3 a5
34. Nd3 f6 35. g4 g5 36. c6 Kd8 37. Nf2 Kc7 38. Ne4 f5 39. gxf5 exf5 40. Nxg5
h5 41. h4 Kxc6 42. Ne6 Kd5 43. Nf4+ Kxd4 44. Nxh5 Nc5+ 45. Kc2 Ne6 46. Nf6 Ke5
47. Nd7+ Kf4 48. h5 Kg5 49. h6 Kxh6 50. Kd2 a4 51. Ne5 Kg5 52. Nd3 Nd4 53. Nb4
Kg4 54. Ke3 Nf3 55. Kf2 Ne5 56. Kg2 Kf4 57. Kf1 Ke4 58. Ke2 f4 59. Nc2 Nc4 0-1

[Event "WA Class Championship - D Section"]
[Site "Seattle"]
[Date "2007.11.24"]
[Round "3"]
[White "Smith, James K"]
[Black "Cohn, Michael"]
[Result "0-1"]
[WhiteElo "804"]
[BlackElo "1164"]
[PlyCount "50"]
[EventDate "2007.11.??"]
[Source "Drayton Harriso"]
[SourceDate "2007.12.23"]

1. c4 c6 2. Nc3 d5 3. cxd5 cxd5 4. d4 Nf6 5. Bf4 Nc6 6. e3 a6 7. Bd3 g6 8. Nf3
Bg7 9. O-O O-O 10. Re1 Re8 11. e4 dxe4 12. Bxe4 Nxe4 13. Be3 Nxc3 14. bxc3 Bf5
15. Qb3 Rb8 16. Bf4 Na5 17. Qb4 Rc8 18. Be5 b5 19. a4 Rc4 20. Qb2 Rxa4 21. Rxa4
bxa4 22. Qb4 Bc2 23. Nd2 Nc6 24. Qc5 Nxe5 25. dxe5 Qxd2 0-1

[Event "WA Class Championship - D Section"]
[Site "Seattle"]
[Date "2007.11.24"]
[Round "3"]
[White "Hu, Jiayi"]
[Black "Smith, Andrew"]
[Result "1-0"]
[WhiteElo "1160"]
[BlackElo "699"]
[PlyCount "58"]
[EventDate "2007.11.??"]
[Source "Drayton Harriso"]
[SourceDate "2007.12.23"]

1. d4 Nf6 2. c4 c6 3. Nc3 d5 4. Nf3 Bf5 5. cxd5 cxd5 6. Bg5 e6 7. e3 Nc6 8. Bb5
a6 9. Ba4 b5 10. Bc2 Be7 11. Bxf5 exf5 12. a3 O-O 13. Qc2 Qd7 14. Nh4 Ne4 15.
Bxe7 Qxe7 16. Nxf5 Qe6 17. Nxe4 Qxf5 18. Qxc6 Rfc8 {Diagram #} 19. Qd6 $2 {
White had two better moves which could have kept his extra piece.} Qxe4 20. O-O
Rc2 21. b4 Qd3 22. Qxd5 Rac8 23. h3 h6 24. Qf3 R2c3 25. Qd1 Rxa3 26. Qxd3 Rxd3
27. Rxa6 Rc4 (27... Rb3 {was better}) 28. Raa1 (28. Rfa1 Rxb4 29. Rc1 Rbb3 {
could have been played. The scoresheet was unclear.}) 28... Rxb4 29. Rfc1 ({or
} 29. Rac1) 29... Rbb3 {Here the next recorded move was Rxb3, which means some
moves were left out of the scoresheet. White won about 10 moves later.} 1-0

[Event "WA Class Championship - D Section"]
[Site "Seattle"]
[Date "2007.11.24"]
[Round "3"]
[White "MacGregor, Logan"]
[Black "Omori, Jeff"]
[Result "0-1"]
[WhiteElo "1144"]
[BlackElo "1310"]
[PlyCount "88"]
[EventDate "2007.11.??"]
[Source "Drayton Harriso"]
[SourceDate "2007.12.23"]

1. e4 c5 2. Nf3 Nc6 3. d4 cxd4 4. Nxd4 d6 5. Nc3 a6 6. Nxc6 bxc6 7. Bd3 Nf6 8.
h3 e6 9. O-O Be7 10. b3 O-O 11. Bb2 a5 12. Qe2 Qc7 13. a4 Qb6 14. Qe3 Qxe3 15.
fxe3 Ba6 16. Ne2 Bxd3 17. cxd3 e5 18. Bc3 Nd7 19. d4 f6 20. b4 axb4 21. Bxb4 c5
22. Bd2 Ra6 23. d5 Rfa8 24. a5 Bd8 25. Ra2 Rb8 26. Rfa1 g6 27. Nc3 f5 28. exf5
gxf5 29. e4 fxe4 30. Nxe4 Nf6 31. Nc3 Rba8 32. Kh1 Rxa5 33. Bg5 Rxa2 34. Rxa2
Rxa2 35. Nxa2 Kf7 36. Nc3 Nxd5 37. Nxd5 Bxg5 38. Kg1 Ke6 39. Nc7+ Kf5 40. Nd5
Ke4 41. Nc3+ Kd3 42. Nd1 Be3+ 43. Kf1 Bf4 44. h4 c4 0-1

[Event "WA Class Championship - D Section"]
[Site "Seattle"]
[Date "2007.11.24"]
[Round "3"]
[White "Oratz, Joshua"]
[Black "Subramani, Ramsamy"]
[Result "0-1"]
[WhiteElo "653"]
[BlackElo "1378"]
[PlyCount "104"]
[EventDate "2007.11.??"]
[Source "Drayton Harriso"]
[SourceDate "2007.12.23"]

1. e4 c5 2. Nf3 d6 3. d4 cxd4 4. Nxd4 Nf6 5. Bd3 Nc6 6. Nxc6 bxc6 7. Nc3 e5 8.
Bg5 Be7 9. h3 O-O 10. f4 h6 11. Bh4 exf4 12. Qf3 Qb6 13. Na4 Qb4+ 14. Nc3 Qxb2
15. O-O Qxc3 16. e5 Qxe5 17. Rfe1 Qb2 18. Reb1 Qd4+ 19. Bf2 Qd5 20. Qxf4 Nh5
21. Qd2 Re8 22. Rb5 Bg5 23. Rxd5 Bxd2 24. Rxh5 Be3 25. Bxe3 Rxe3 26. Ra5 Re7
27. Kf2 Be6 28. Re1 Rae8 29. Ra6 Rc7 30. Bf5 Kf8 31. Bd3 d5 32. Ra4 c5 33. c4
dxc4 34. Bxc4 Bxc4 35. Rxe8+ Kxe8 36. Rxc4 Kd7 37. Ke3 Kc6 38. a4 Re7+ 39. Kd3
Kd5 40. Rf4 f6 41. h4 Rb7 42. Kc3 a5 43. Rf5+ Kc6 44. h5 Rb4 45. Rf2 Rxa4 46.
Re2 Kd6 47. Re8 Kd7 48. Rg8 Rg4 49. Ra8 a4 50. Ra7+ Kc6 51. Ra6+ Kb5 52. Rd6
Rg3+ 0-1

[Event "WA Class Championship - D Section"]
[Site "Seattle"]
[Date "2007.11.24"]
[Round "3"]
[White "Mendoza, Fidel"]
[Black "Raval, Sid"]
[Result "1/2-1/2"]
[WhiteElo "1178"]
[BlackElo "1140"]
[PlyCount "119"]
[EventDate "2007.11.??"]
[Source "Drayton Harriso"]
[SourceDate "2007.12.23"]

1. e4 d5 2. exd5 Qxd5 3. Nc3 Qa5 4. d4 Nf6 5. Bd2 c6 6. Ne4 Qb6 7. Nxf6+ gxf6
8. Bc3 Bf5 9. Bd3 Bxd3 10. Qxd3 Nd7 11. O-O-O O-O-O 12. f4 Bh6 13. Ne2 e6 14.
Kb1 f5 15. d5 Rhg8 16. dxc6 Qxc6 17. Nd4 Qxg2 18. Qc4+ Kb8 19. Nb5 Qc6 20. Qxc6
bxc6 21. Nd6 Rgf8 22. Rd4 c5 23. Rc4 Nb6 24. Rxc5 Bxf4 25. Nc4 Rc8 26. Rxc8+
Rxc8 27. Nxb6 axb6 28. h3 Rd8 29. a4 Bh6 30. Be5+ Kb7 31. b4 Rd5 32. Bf6 e5 33.
c4 Rd4 34. Bxe5 Rxc4 35. Bd6 Kc6 36. Be7 Re4 37. b5+ Kd7 38. Bf6 Rxa4 39. Rd1+
Ke6 40. Bb2 Rb4 41. Re1+ Kd5 42. Re5+ Kc4 43. Rxf5 Bg7 44. Rf4+ Kxb5 45. Rxb4+
Kxb4 46. Bxg7 Kc4 47. Bf6 b5 48. Kc2 Kd5 49. Kd3 Ke6 50. Bc3 Kf5 51. h4 Kg4 52.
Bf6 Kf5 53. Bd8 Kg6 54. Kd4 f5 55. Kc5 Kh5 56. Kxb5 Kg4 57. Kc4 Kg3 58. Kd4 f4
59. Ke4 f3 60. Bb6 1/2-1/2

[Event "WA Class Championship - D Section"]
[Site "Seattle"]
[Date "2007.11.24"]
[Round "3"]
[White "Nikolskyy, Oleksiy"]
[Black "Birnbach, Zamir"]
[Result "0-1"]
[WhiteElo "939"]
[BlackElo "1064"]
[Annotator "Harrison"]
[PlyCount "58"]
[EventDate "2007.11.??"]
[Source "Drayton Harriso"]
[SourceDate "2007.12.23"]

1. d4 d5 2. c4 e6 3. Nc3 Nf6 4. Nf3 Nbd7 5. Qc2 c6 6. Bg5 Qa5 7. Bd2 Qc7 8. Rc1
b6 $2 9. cxd5 exd5 $2 {Diagram #} 10. Bg5 $2 (10. Nb5 $1 Qb7 11. Qxc6 Qxc6 12.
Rxc6 $18) 10... Be7 11. Bxf6 Bxf6 12. Nxd5 Qd8 13. Qxc6 Rb8 14. Nc7+ (14. Qd6
Be7 15. Nxe7 Qxe7 16. Qxb8 Nxb8 17. Rxc8+ Kd7 18. Rxh8 $18) (14. Nxf6+ gxf6 (
14... Qxf6 15. Qxc8+ Rxc8 16. Rxc8+ Ke7 17. Rxh8) 15. Rc3 Bb7 16. Re3+ Kf8 17.
Qd6+ Kg7 18. Qg3+ Kf8 19. Nh4 $18) 14... Kf8 15. Qd6+ Qe7 16. Qxe7+ Bxe7 17.
Nd5 Bd6 18. e4 Bb7 19. Bc4 Rc8 20. Kd2 $2 Bxd5 21. Bxd5 Bf4+ 22. Kd3 Bxc1 23.
b3 b5 24. Bb7 Rc7 25. Ba6 b4 26. Bc4 Bb2 27. Ng5 Nb6 28. Nxf7 Rxf7 29. Bxf7
Kxf7 0-1

[Event "WA Class Championship - D Section"]
[Site "Seattle"]
[Date "2007.11.24"]
[Round "4"]
[White "Raval, Sid"]
[Black "Cohn, Michael"]
[Result "1/2-1/2"]
[WhiteElo "1140"]
[BlackElo "1164"]
[PlyCount "79"]
[EventDate "2007.11.??"]
[Source "Drayton Harriso"]
[SourceDate "2007.12.23"]

1. Nf3 d5 2. c4 dxc4 3. Na3 Nc6 4. e4 a6 5. Bxc4 e5 6. d3 Bg4 7. Qb3 Bh5 8.
Qxb7 Na5 9. Qd5 Bb4+ 10. Bd2 Bxd2+ 11. Nxd2 Qxd5 12. Bxd5 c6 13. Bc4 Ne7 14. b4
Nxc4 15. Naxc4 f6 16. g4 Bg6 (16... Bxg4 17. Rg1 Bh5 18. Nb3 $44 (18. Rxg7 $6
Bg6 $1 $15)) 17. Nd6+ Kd7 18. N2c4 Rab8 19. Rb1 Nc8 20. Nxc8 Rhxc8 21. Ke2 Bf7
22. a4 Bxc4 23. dxc4 a5 24. bxa5 Ra8 25. Rb7+ Rc7 26. Rxc7+ Kxc7 27. Ke3 Rxa5
28. Ra1 Ra7 29. a5 Kd6 30. Kd3 Kc5 31. a6 Kb6 32. Kc3 c5 33. Kb3 Rxa6 34. Rxa6+
Kxa6 35. Ka4 Kb6 36. h4 h6 37. h5 Ka6 38. f3 Kb6 39. Kb3 Ka5 40. Ka3 1/2-1/2

[Event "WA Class Championship - D Section"]
[Site "Seattle"]
[Date "2007.11.24"]
[Round "4"]
[White "Wilson, Matthew"]
[Black "Ho, Alec"]
[Result "1/2-1/2"]
[WhiteElo "1894"]
[BlackElo "1843"]
[PlyCount "51"]
[EventDate "2007.11.??"]
[Source "Drayton Harriso"]
[SourceDate "2007.12.23"]

1. e4 c5 2. Nf3 Nc6 3. d4 cxd4 4. Nxd4 Nf6 5. Nc3 e5 6. Ndb5 d6 7. Bg5 a6 8.
Na3 b5 9. Bxf6 Qxf6 10. Nd5 Qd8 11. c4 Qa5+ 12. Qd2 b4 13. Nc2 Rb8 14. b3 Be6
15. Bd3 Bxd5 16. exd5 Nd4 17. Nxd4 exd4 18. O-O Be7 19. Rae1 Rb7 20. Bb1 Qc5
21. Re4 O-O 22. Rxd4 Bf6 23. Re4 g6 24. Kh1 Re7 25. Rxe7 Bxe7 26. Qe2 $16
1/2-1/2

[Event "WA Class Championship - D Section"]
[Site "Seattle"]
[Date "2007.11.24"]
[Round "4"]
[White "Subramani, Ramsamy"]
[Black "Mendoza, Fidel"]
[Result "0-1"]
[WhiteElo "1378"]
[BlackElo "1178"]
[PlyCount "54"]
[EventDate "2007.11.??"]
[Source "Drayton Harriso"]
[SourceDate "2007.12.23"]

1. e4 e5 2. Nf3 Nc6 3. Bb5 a6 4. Ba4 Nf6 5. O-O b5 6. Bb3 d6 7. Re1 Bg4 8. c3
Na5 9. Bc2 c5 10. h3 Bh5 11. d3 Nc6 12. Be3 Be7 13. Nbd2 O-O 14. Nf1 d5 15. Ng3
Bg6 16. d4 dxe4 17. dxe5 Qxd1 18. Bxd1 Nd7 19. Nd2 Ndxe5 20. Ndxe4 f5 21. Nxc5
f4 22. Ne6 fxe3 23. Nxf8 exf2+ 24. Kxf2 Bc5+ 25. Ke2 Rxf8 26. Bb3+ Kh8 27. Rad1
Rf2# 0-1

[Event "WA Class Championship - D Section"]
[Site "Seattle"]
[Date "2007.11.24"]
[Round "4"]
[White "Smith, Andrew"]
[Black "Cohen, Mark"]
[Result "0-1"]
[WhiteElo "699"]
[BlackElo "1128"]
[PlyCount "46"]
[EventDate "2007.11.??"]
[Source "Drayton Harriso"]
[SourceDate "2007.12.23"]

1. e4 e5 2. Nf3 Nc6 3. Bb5 a6 4. Ba4 Nf6 5. d3 h6 6. Be3 Ng4 7. O-O Nxe3 8.
fxe3 b5 9. Bb3 Na5 10. Nxe5 Nxb3 11. Nxf7 Qe7 12. axb3 Rh7 13. Qh5 g6 14. Qxg6
Rxf7 15. Nc3 c6 16. e5 Ra7 17. Ne4 d5 18. exd6 Qe6 19. Nf6+ Kd8 20. Rf4 Qxe3+
21. Kh1 Qxf4 22. Re1 Qxf6 23. Qxf6+ Rxf6 0-1